[Event "Euro Online U2300 Day 1"]
[Site "chess.com INT"]
[Date "2020.05.25"]
[Round "2"]
[White "Eminov, Orkhan"]
[Black "Malyshev, Evgeny"]
[Result "0-1"]
[WhiteTitle "FM"]
[WhiteElo "2327"]
[BlackElo "2102"]
[WhiteFideId "13402153"]
[BlackFideId "34165387"]
[EventDate "2020.05.25"]

1. e4 c6 2. d4 d5 3. Nc3 dxe4 4. Nxe4 Nf6 5. Nxf6+ gxf6 6. c3 Bf5 7. Nf3 Qc7 8.
g3 e6 9. Bg2 Nd7 10. Nh4 Bg6 11. O-O O-O-O 12. a4 Bd6 13. a5 a6 14. Be3 f5 15.
Bg5 Rdg8 16. c4 h6 17. Bd2 c5 18. Bc3 Rh7 19. dxc5 Nxc5 20. b4 Ne4 21. Bd4 Be5
22. Bxe5 Qxe5 23. Nf3 Qc7 24. b5 Bh5 25. bxa6 bxa6 26. Qd4 Rd8 27. Qb2 Bxf3 28.
Bxf3 Nd2 29. Bg2 Nxf1 30. Bxf1 h5 31. c5 Kd7 32. Bxa6 h4 33. Qf6 Ke8 34. Bb5+
Kf8 35. a6 hxg3 36. hxg3 Rg7 37. Kg2 Rd2 38. Qc3 Rd8 39. c6 f4 40. Ra3 fxg3 41.
fxg3 Qa7 42. c7 Rc8 43. Qc6 Rg5 44. Qd6+ Kg7 45. Qd8 Qa8+ 46. Bc6 Qxc6+ 47. Rf3
Qc2+ 48. Rf2 Qe4+ 49. Kf1 Qh1+ 50. Ke2 Re5+ 51. Kd3 Rd5+ 52. Kc4 Rdxd8 0-1

[Event "Euro Online U2300 Day 1"]
[Site "chess.com INT"]
[Date "2020.05.25"]
[Round "2"]
[White "Usmanov, Ilnur"]
[Black "Protopopova, Anastasiya"]
[Result "1-0"]
[BlackTitle "WFM"]
[WhiteElo "2147"]
[BlackElo "2192"]
[WhiteFideId "4111303"]
[BlackFideId "24172073"]
[EventDate "2020.05.25"]

1. c4 e5 2. Nc3 Nf6 3. Nf3 Nc6 4. e4 a6 5. a3 Bc5 6. Be2 O-O 7. O-O Ba7 8. d3 d6
9. h3 h6 10. Be3 Be6 11. Bxa7 Rxa7 12. d4 exd4 13. Nxd4 Nxd4 14. Qxd4 Ra8 15. f4
Qe7 16. Bf3 Rab8 17. Nd5 Bxd5 18. cxd5 Nd7 19. b4 Rfc8 20. Rac1 b5 21. Bg4 h5
22. Bxh5 Nb6 23. Rc6 Nc4 24. a4 Re8 25. Bf3 Rb6 26. Rxb6 Nxb6 27. a5 Nc4 28. Re1
Qh4 29. Rf1 Qxf4 30. Bh5 Qxe4 31. Bxf7+ Kh7 32. Rf4 Qb1+ 33. Kh2 g5 34. Rf6 Re5
35. Bg6+ Qxg6 36. Rxg6 Kxg6 37. Qa7 Re2 38. Qxa6 Ne3 39. Qxb5 Rxg2+ 40. Kh1 Rg3
41. Qe8+ Kf5 42. Qe6+ Kf4 43. a6 g4 44. Qf6+ Ke4 45. Qg6+ Kf4 46. Qh6+ Ke4 47.
a7 1-0

[Event "Euro Online U2300 Day 1"]
[Site "chess.com INT"]
[Date "2020.05.25"]
[Round "2"]
[White "Brett, Andrew R"]
[Black "Nagy, Ladislav"]
[Result "0-1"]
[WhiteElo "2085"]
[BlackElo "2085"]
[WhiteFideId "416460"]
[BlackFideId "374300"]
[EventDate "2020.05.25"]

1. e4 e5 2. Nf3 Nc6 3. Bc4 Nf6 4. d3 Be7 5. O-O O-O 6. Re1 d6 7. a4 Be6 8. Bxe6
fxe6 9. c3 Qe8 10. Nbd2 Nh5 11. Nf1 Nf4 12. Bxf4 exf4 13. d4 d5 14. exd5 exd5
15. Qb3 Qd7 16. a5 Rab8 17. Qc2 Rbe8 18. b4 a6 19. Re2 Bf6 20. Rae1 Rxe2 21.
Qxe2 Nd8 22. N1d2 Nf7 23. Qd3 Re8 24. Rxe8+ Qxe8 25. g3 fxg3 26. hxg3 Nd6 27.
Kg2 Qe6 28. Nb3 Ne4 29. Nc5 Nxc5 30. dxc5 c6 31. Nd4 Qe5 32. f4 Qe7 33. Qe2
Qxe2+ 34. Nxe2 Kf7 35. g4 g6 36. g5 Bg7 37. Kf3 h5 38. gxh6 Bxh6 39. Nd4 Bf8 40.
Kg4 Be7 41. f5 gxf5+ 42. Nxf5 Bf6 43. Nd6+ Ke6 44. c4 dxc4 45. Nxc4 Bc3 46. Nd6
Bxb4 47. Nxb7 Kd5 48. Kf4 Bxc5 49. Kf3 Bf8 50. Ke3 Be7 51. Kd3 c5 0-1

[Event "Euro Online U2300 Day 1"]
[Site "chess.com INT"]
[Date "2020.05.25"]
[Round "2"]
[White "Bosboom, Ardin"]
[Black "Lopez Varela, Pablo"]
[Result "0-1"]
[WhiteElo "2005"]
[BlackElo "2177"]
[WhiteFideId "1046454"]
[BlackFideId "32092105"]
[EventDate "2020.05.25"]

1. d4 Nf6 2. c4 e6 3. Nc3 Bb4 4. f3 c5 5. d5 exd5 6. cxd5 d6 7. e4 O-O 8. Bc4
Nbd7 9. Ne2 a6 10. a4 Re8 11. O-O Ne5 12. b3 Bd7 13. h3 Rb8 14. Bg5 h6 15. Bh4
Ng6 16. Bg3 b5 17. axb5 axb5 18. Bd3 Qb6 19. Bf2 Ra8 20. Qc2 Qb7 21. Bg3 Rac8
22. Nf4 Ne5 23. Be2 c4 24. bxc4 Nxc4 25. Qb3 Bc5+ 26. Kh2 Nd2 27. Qb2 Nxf1+ 28.
Bxf1 b4 29. Nce2 Ra8 30. Nd3 Rxa1 31. Qxa1 b3 32. Qc3 Rc8 33. Qb2 Be3 34. Nec1
Ba4 35. Bxd6 Rc2 36. Qa3 Bxc1 37. Qxa4 b2 38. Nxb2 Rxb2 39. Be5 Rf2 40. Ba6 Qb6
41. Bd4 Qb8+ 42. e5 Bf4+ 43. Kg1 Rd2 44. Bc4 Qb1+ 45. Bf1 Rd1 46. Qc4 Nxd5 47.
g3 Rxd4 48. Qxd4 Be3+ 0-1

[Event "Euro Online U2300 Day 1"]
[Site "chess.com INT"]
[Date "2020.05.25"]
[Round "2"]
[White "Afonasieva, Anna"]
[Black "Milovic, Aleksandra"]
[Result "1-0"]
[WhiteTitle "WIM"]
[BlackTitle "WIM"]
[WhiteElo "2274"]
[BlackElo "2198"]
[WhiteFideId "24173606"]
[BlackFideId "933988"]
[EventDate "2020.05.25"]

1. d4 Nf6 2. Nf3 c5 3. e3 e6 4. b3 b6 5. Bb2 Bb7 6. Nbd2 d5 7. Bd3 Nbd7 8. Ne5
Nxe5 9. dxe5 Nd7 10. f4 Qh4+ 11. g3 Qh3 12. Qf3 O-O-O 13. O-O-O c4 14. bxc4 dxc4
15. Be4 Bxe4 16. Qxe4 Kb8 17. Nxc4 Bb4 18. Nd6 Bxd6 19. Rxd6 Nc5 20. Qd4 Rc8 21.
Kb1 Qg2 22. Rc1 Qxh2 23. Ba3 Qxg3 24. f5 exf5 25. Rd5 Ne4 26. Rd7 Rc6 27. Ka1
Rhc8 28. Rxf7 Qg6 29. Re7 Nc5 30. Rd1 Nb7 31. Qa4 Rxc2 32. Bd6+ Ka8 33. Qa6 Qg2
34. Qa3 Qe2 35. Rb1 Qc4 36. Rxg7 Rc3 37. Qb4 Qd5 38. Rxh7 Rc2 39. Qb3 Qe4 40.
Qa3 f4 41. Rh4 Nxd6 42. Qxd6 Qxe3 43. Qd5+ R2c6 44. Rhh1 Kb8 45. Qd1 Qxe5+ 46.
Rb2 f3 47. Rf1 Rc1+ 48. Qxc1 Rxc1+ 49. Rxc1 f2 50. Rf1 Qe1+ 51. Rb1 Qc3+ 52. Rb2
a5 53. a4 Qa3+ 54. Ra2 Qc3+ 55. Rb2 Qd4 56. Rxf2 Qxa4+ 57. Ra2 Qd1+ 58. Kb2 Kb7
59. Rc2 Ka6 60. Kc3 Kb5 61. Rd2 Qe1 62. Rb2+ Kc5 63. Kd3 Qf1+ 64. Ke3 Qg1+ 65.
Kd3 a4 66. Rdc2+ Kd6 67. Ke4 Qg4+ 68. Kd3 Qf3+ 69. Kd4 Qd5+ 70. Ke3 b5 71. Rd2
Qxd2+ 72. Kxd2 Kc5 73. Kc3 a3 74. Ra2 b4+ 75. Kb3 Kb5 76. Rc2 Ka5 77. Rc5+ Kb6
78. Rh5 1-0

[Event "Euro Online U2300 Day 1"]
[Site "chess.com INT"]
[Date "2020.05.25"]
[Round "2"]
[White "Bruil, Rembrandt"]
[Black "Brilej, Jaka"]
[Result "1-0"]
[WhiteTitle "CM"]
[BlackTitle "CM"]
[WhiteElo "2105"]
[BlackElo "2228"]
[WhiteFideId "1053590"]
[BlackFideId "14618818"]
[EventDate "2020.05.25"]

1. g3 f5 2. Bg2 Nf6 3. d3 d6 4. e4 Nc6 5. Ne2 g6 6. O-O Bg7 7. Nbc3 O-O 8. h3 e5
9. Be3 Be6 10. Qd2 Qd7 11. exf5 Bxf5 12. Kh2 Rae8 13. Bh6 Nd8 14. Bxg7 Kxg7 15.
Rae1 c6 16. Ng1 Nf7 17. Nf3 d5 18. g4 e4 19. dxe4 Bxe4 20. g5 Qc7+ 21. Kg1 Nh5
22. Nxe4 dxe4 23. Qd4+ Kg8 24. Rxe4 Rxe4 25. Qxe4 Qa5 26. Qc4 Qc7 27. Re1 Nf4
28. Bf1 Nd5 29. Qg4 Qa5 30. c4 Nb6 31. Re7 Qxa2 32. Qe6 Qxb2 33. Rxb7 Qc3 34.
Rxf7 Rxf7 35. Ne5 Kh8 36. Nxf7+ 1-0

[Event "Euro Online U2300 Day 1"]
[Site "chess.com INT"]
[Date "2020.05.25"]
[Round "2"]
[White "Rajkovic, Dusan"]
[Black "Bulockin, Martin"]
[Result "1-0"]
[WhiteTitle "GM"]
[WhiteElo "2267"]
[BlackElo "2255"]
[WhiteFideId "900265"]
[BlackFideId "371610"]
[EventDate "2020.05.25"]

1. d4 Nf6 2. c4 e6 3. Nf3 c5 4. d5 exd5 5. cxd5 d6 6. Nc3 g6 7. e4 Bg7 8. h3 O-O
9. Bd3 b5 10. Nxb5 Re8 11. Nc3 Nxe4 12. Nxe4 f5 13. Bg5 Bf6 14. Bxf6 Qxf6 15.
O-O fxe4 16. Re1 Bf5 17. Qa4 Nd7 18. Bxe4 Nb6 19. Qc2 Bxe4 20. Rxe4 Nxd5 21. Qc4
Qf7 22. Rd1 Rxe4 23. Qxe4 Nb6 24. Rxd6 Re8 25. Qb1 Rf8 26. b3 Qe7 27. Qd1 Kg7
28. Rd2 Rf7 29. Re2 Qf6 30. Qd2 c4 31. bxc4 Nxc4 32. Qb4 Nd6 33. Qb2 Rb7 34.
Qxf6+ Kxf6 35. Nd4 Nc4 36. g3 Rd7 37. Nb3 a5 38. Rc2 Rd1+ 39. Kg2 Ne5 40. Nxa5
Rd5 41. Nc4 Rc5 42. Ne3 Ra5 43. h4 h5 44. Rd2 Ke6 45. Rb2 Ra6 46. Re2 Kd6 47.
Nd1 Ra3 48. Rd2+ Ke6 49. Ne3 Ra5 50. Rb2 Ra6 51. Kf1 Ra3 52. Ng2 Nd3 53. Re2+
Kf6 54. Re3 Rc3 55. Ne1 Ra3 56. Rxd3 Rxa2 57. Nf3 Ra1+ 58. Kg2 Ra6 59. Ng5 Rb6
60. Rf3+ Kg7 61. Rf7+ Kg8 62. Rc7 Ra6 63. Nh3 Rb6 64. Nf4 Ra6 65. Re7 Kf8 66.
Re6 1-0

[Event "Euro Online U2300 Day 1"]
[Site "chess.com INT"]
[Date "2020.05.25"]
[Round "2"]
[White "Purtseladze, Maka"]
[Black "Hrabinska, Myroslava"]
[Result "0-1"]
[WhiteTitle "IM"]
[BlackTitle "WGM"]
[WhiteElo "2274"]
[BlackElo "2235"]
[WhiteFideId "13602659"]
[BlackFideId "14109190"]
[EventDate "2020.05.25"]

1. d4 Nf6 2. Bg5 c5 3. Bxf6 gxf6 4. d5 Qb6 5. Qc1 Bg7 6. g3 f5 7. c3 d6 8. Bg2
f4 9. gxf4 Bh6 10. e3 Rg8 11. Be4 f5 12. Bf3 Nd7 13. Ne2 Nf6 14. Ng3 e5 15. Na3
e4 16. Bh5+ Ke7 17. Qd2 Nxh5 18. Nxh5 Bd7 19. O-O-O Qa6 20. Rhg1 b5 21. Kb1 b4
22. cxb4 cxb4 23. Qd4 Rgf8 24. Nc4 Bb5 25. Rc1 Rac8 26. b3 Bxc4 27. bxc4 Rb8 28.
Rg7+ Bxg7 29. Qxg7+ Rf7 30. Qh6 b3 31. Qg5+ Kd7 32. Nf6+ Rxf6 33. Qg7+ Ke8 34.
Qxf6 Qxa2# 0-1

[Event "Euro Online U2300 Day 1"]
[Site "chess.com INT"]
[Date "2020.05.25"]
[Round "2"]
[White "Antova, Gabriela"]
[Black "Sedina, Elena"]
[Result "1-0"]
[WhiteTitle "FM"]
[BlackTitle "IM"]
[WhiteElo "2255"]
[BlackElo "2299"]
[WhiteFideId "2915235"]
[BlackFideId "812153"]
[EventDate "2020.05.25"]

1. e4 e6 2. d4 d5 3. Nd2 c5 4. exd5 exd5 5. Ngf3 Nc6 6. Bb5 Bd6 7. dxc5 Bxc5 8.
O-O Ne7 9. Nb3 Bd6 10. Re1 O-O 11. c3 Bg4 12. h3 Bh5 13. Bd3 h6 14. Be3 Ne5 15.
Be2 Nc4 16. Bc1 Re8 17. Nbd4 a6 18. b3 Na5 19. Bb2 Rc8 20. Qd2 Bb8 21. Ne5 Bxe2
22. Rxe2 Nac6 23. Ndxc6 Nxc6 24. Nf3 Rxe2 25. Qxe2 Qe8 26. Qxe8+ Rxe8 27. Kf1 f6
28. Rd1 Rd8 29. Nd4 Kf7 30. g4 h5 31. Bc1 hxg4 32. hxg4 Ne5 33. f3 Rc8 34. Bd2
Ba7 35. Nf5 Rd8 36. Ke2 g6 37. Ne3 Re8 38. Bc1 f5 39. gxf5 gxf5 40. Nxf5 Ng4+
41. Kf1 Ne3+ 42. Bxe3 Bxe3 43. Nd6+ 1-0

[Event "Euro Online U2300 Day 1"]
[Site "chess.com INT"]
[Date "2020.05.25"]
[Round "2"]
[White "Stabulnieks, Klavs"]
[Black "Gara, Anita"]
[Result "1/2-1/2"]
[BlackTitle "IM"]
[WhiteElo "2204"]
[BlackElo "2345"]
[WhiteFideId "11603984"]
[BlackFideId "709751"]
[EventDate "2020.05.25"]

1. d4 f5 2. g3 Nf6 3. Bg2 g6 4. c3 Bg7 5. Qb3 Nc6 6. Nh3 e6 7. Nd2 O-O 8. O-O d6
9. e4 fxe4 10. Nxe4 Nxe4 11. Bxe4 Kh8 12. Ng5 Qe8 13. Bg2 h6 14. Ne4 e5 15. dxe5
Nxe5 16. f4 Nc6 17. Bd2 Bf5 18. Rae1 Qd7 19. Be3 Rae8 20. Bf2 b6 21. Qa4 Na5 22.
Qxd7 Bxd7 23. Nd2 Bc6 24. Re3 Bxg2 25. Kxg2 Rxe3 26. Bxe3 Re8 27. Re1 d5 28. Kf1
c5 29. Bf2 Rxe1+ 30. Kxe1 Kg8 31. Ke2 Kf7 32. Kd3 Ke6 33. b3 Nc6 34. Nf3 Kd6 35.
Nh4 Ne7 36. g4 Ke6 37. h3 Bf8 38. Be3 Kf6 39. Nf3 Nc6 40. Bf2 b5 41. Bh4+ Ke6
42. Bf2 a5 43. Nh4 Kf6 44. f5 Ne5+ 45. Ke2 g5 46. Nf3 Nxf3 47. Kxf3 Bd6 48. Ke2
Kf7 49. Kd3 Kf6 50. Ke2 Kf7 51. Kd3 Kf6 52. Ke2 1/2-1/2

[Event "Euro Online U2300 Day 1"]
[Site "chess.com INT"]
[Date "2020.05.25"]
[Round "2"]
[White "Tomaszewski, Roman"]
[Black "Malynovskyi, Rostyslav"]
[Result "1-0"]
[WhiteTitle "IM"]
[BlackTitle "FM"]
[WhiteElo "2206"]
[BlackElo "2174"]
[WhiteFideId "1100637"]
[BlackFideId "14150883"]
[EventDate "2020.05.25"]

1. c4 c5 2. Nc3 Nc6 3. g3 g6 4. Bg2 Bg7 5. e4 d6 6. Nge2 e5 7. d3 Nge7 8. O-O
O-O 9. Nd5 Nxd5 10. cxd5 Nd4 11. Nxd4 cxd4 12. Qb3 b6 13. Bd2 a5 14. Rac1 Bd7
15. f4 Bh6 16. Rf2 b5 17. a3 Rc8 18. Rxc8 Qxc8 19. Qd1 Bg4 20. Bf3 Bxf3 21. Qxf3
f5 22. Kg2 fxe4 23. dxe4 Qc7 24. h3 Rf7 25. Qg4 Qe7 26. f5 Bxd2 27. Rxd2 Kg7 28.
h4 Qf6 29. Rf2 h5 30. Qe2 b4 31. a4 gxf5 32. Rxf5 Qg6 33. Rg5 d3 34. Qxd3 1-0

[Event "Euro Online U2300 Day 1"]
[Site "chess.com INT"]
[Date "2020.05.25"]
[Round "2"]
[White "Skalsky, Alexandr"]
[Black "Kacharava, Nikolozi"]
[Result "0-1"]
[BlackTitle "IM"]
[WhiteElo "2251"]
[BlackElo "2437"]
[WhiteFideId "381799"]
[BlackFideId "13611860"]
[EventDate "2020.05.25"]

1. e4 d6 2. d4 Nf6 3. Nc3 Nbd7 4. Nf3 e5 5. g4 Nxg4 6. Rg1 Ngf6 7. Be3 c6 8. Qd2
b5 9. dxe5 dxe5 10. O-O-O Qa5 11. Kb1 g6 12. Ng5 h6 13. Ne6 fxe6 14. Rxg6 Kf7
15. Rg3 b4 16. Na4 Qxa4 17. Bc4 Ba6 18. Bb3 Qb5 19. Rdg1 Qe2 20. Rg7+ Bxg7 21.
Qd6 Rhe8 22. h3 Bf8 23. Qxc6 Qb5 24. Qxb5 Bxb5 25. h4 a5 26. c3 Bd3+ 27. Ka1 a4
28. Bd1 Bxe4 29. Bc1 bxc3 30. bxc3 Rec8 31. Bb2 a3 32. Bc1 Rxc3 33. Bd2 Bb4 34.
f3 Rc1+ 35. Bxc1 Bc3+ 0-1

[Event "Euro Online U2300 Day 1"]
[Site "chess.com INT"]
[Date "2020.05.25"]
[Round "2"]
[White "Musyuk, Lior"]
[Black "Abbasov, Amil1"]
[Result "0-1"]
[WhiteTitle "FM"]
[WhiteElo "2343"]
[BlackElo "2172"]
[WhiteFideId "2816784"]
[BlackFideId "13402277"]
[EventDate "2020.05.25"]

1. e4 c5 2. Nf3 Nc6 3. Nc3 g6 4. d4 cxd4 5. Nxd4 Bg7 6. Be3 Nf6 7. Be2 O-O 8.
O-O d5 9. Nxc6 bxc6 10. e5 Nd7 11. f4 e6 12. Na4 Qa5 13. c3 Qc7 14. Nc5 Nxc5 15.
Bxc5 Re8 16. Qd4 Bf8 17. Bxf8 Rxf8 18. b4 a5 19. a3 Ba6 20. Bxa6 Rxa6 21. Kf2
Rfa8 22. Rad1 axb4 23. axb4 c5 24. Qxc5 Rc6 25. Qd4 Rc4 26. Qd2 Qb6+ 27. Kg3 Ra3
28. Rf3 Qc7 29. h3 Raxc3 30. Rxc3 Rxc3+ 31. Kh2 Rc2 32. Qd4 Rc4 33. Qd2 Rc2 34.
Qd4 Re2 35. b5 Re4 36. Qf2 Rb4 37. Qe2 Qb8 38. Rc1 Rxb5 39. Rc8+ Qxc8 40. Qxb5
Qc4 41. Qe8+ Kg7 42. g3 Qc2+ 43. Kg1 Qc7 44. h4 h5 45. g4 Qc1+ 0-1

[Event "Euro Online U2300 Day 1"]
[Site "chess.com INT"]
[Date "2020.05.25"]
[Round "2"]
[White "Halmeenmaki, Tuomo"]
[Black "Iljushina, Olga"]
[Result "0-1"]
[BlackTitle "WGM"]
[WhiteElo "2132"]
[BlackElo "2132"]
[WhiteFideId "502774"]
[BlackFideId "4152280"]
[EventDate "2020.05.25"]

1. b3 e5 2. Bb2 d6 3. e3 g6 4. Nf3 Bg7 5. Be2 c5 6. O-O Nc6 7. d3 Nge7 8. Nbd2
O-O 9. e4 h6 10. Re1 Kh7 11. a4 Be6 12. Nc4 f5 13. exf5 Nxf5 14. Ne3 Nfd4 15.
Nxd4 exd4 16. Nc4 Qf6 17. Bf3 d5 18. Nd6 b6 19. Nb5 Rac8 20. Qe2 Bg8 21. Bg4
Rce8 22. Qf3 Qh4 23. Qg3 Qg5 24. Rxe8 Rxe8 25. Bd7 Qe7 26. Bxe8 Qxe8 27. Kf1 a6
28. Re1 Qf7 29. Qc7 Nb4 30. Qxf7 Bxf7 31. Na3 Bf8 32. Bc1 Bd6 33. Bd2 Nc6 34. h3
Kg7 35. Nb1 g5 36. Re2 Kf6 37. g3 Bh5 38. g4 Bf7 39. Kg2 h5 40. c3 hxg4 41. hxg4
Be6 42. f3 b5 43. axb5 axb5 44. Re1 Ne5 45. cxd4 cxd4 46. Rh1 Kg6 47. Na3 Bxa3
48. Rh5 Be7 0-1

[Event "Euro Online U2300 Day 1"]
[Site "chess.com INT"]
[Date "2020.05.25"]
[Round "2"]
[White "Korbal, Arkadiusz"]
[Black "Jakubauskas, Zygimantas"]
[Result "1/2-1/2"]
[WhiteElo "2113"]
[BlackElo "2032"]
[WhiteFideId "1133837"]
[BlackFideId "12801046"]
[EventDate "2020.05.25"]

1. d4 Nf6 2. c4 e6 3. Nf3 b6 4. g3 Bb7 5. Bg2 d5 6. O-O Be7 7. Nc3 O-O 8. Ne5 c6
9. Qc2 Nfd7 10. Nxd7 Nxd7 11. Rd1 Rc8 12. e4 Nf6 13. b3 Qc7 14. Bf4 Qd7 15. a3
Rfd8 16. e5 Ne8 17. cxd5 cxd5 18. Qb2 Rc7 19. Rac1 Rdc8 20. b4 a6 21. Bf1 g6 22.
h3 Ng7 23. g4 Kf8 24. Bh6 Kg8 25. Bd3 Bf8 26. Be3 Be7 27. Ne2 Bf8 28. Rxc7 Rxc7
29. Rc1 Qc8 30. Rxc7 Qxc7 31. a4 Ne8 32. Bd2 Qc6 33. b5 axb5 34. Bxb5 Qc8 35.
Bd3 Qc6 36. Nc3 f6 37. exf6 Nxf6 38. Nb5 Kf7 39. f3 Ne8 40. Qc3 Nd6 41. Qxc6
Bxc6 42. Kf2 Nc4 43. Bxc4 dxc4 44. Ke3 Kf6 45. f4 g5 46. Kf2 Bh6 47. fxg5+ Bxg5
48. Bc3 Bd5 49. a5 bxa5 50. Bxa5 Bf4 51. Bd8+ Kf7 52. Nc3 Ke8 53. Bb6 Kd7 54. h4
Kc6 55. Bd8 Bd2 56. Ba5 Bf4 57. g5 Kd7 58. Bb4 Ke8 59. Ne2 Bc7 60. Ng3 Kf7 61.
Nh5 Kg6 62. Nf6 h6 63. Ne8 Bb6 64. Bc5 Bxc5 65. dxc5 hxg5 66. hxg5 Kxg5 67. Ke3
Kf5 68. Nc7 Bc6 69. Na6 Bb7 70. Nb4 Ke5 71. c6 Bc8 72. Kd2 Kd4 73. Nc2+ Kc5 74.
Kc3 e5 75. c7 Be6 76. Ne3 Kc6 77. c8=Q+ Bxc8 78. Nxc4 e4 79. Kd4 Bf5 80. Nd2 Kd6
81. Nxe4+ 1/2-1/2

[Event "Euro Online U2300 Day 1"]
[Site "chess.com INT"]
[Date "2020.05.25"]
[Round "2"]
[White "Barak, David"]
[Black "Evans, Kevin"]
[Result "1-0"]
[WhiteElo "2116"]
[BlackElo "2081"]
[WhiteFideId "387347"]
[BlackFideId "1801686"]
[EventDate "2020.05.25"]

1. d4 d5 2. c4 e5 3. dxe5 d4 4. a3 Nc6 5. Nf3 Be6 6. b3 Qd7 7. g3 Nge7 8. Bg2
Ng6 9. Bb2 O-O-O 10. Nbd2 h5 11. b4 h4 12. Nxh4 Nxh4 13. gxh4 Nxe5 14. Qb3 Rxh4
15. O-O-O g6 16. Qg3 Rh5 17. Ne4 Nxc4 18. Nf6 Qa4 19. Nxh5 gxh5 20. Bh3 Rd6 21.
Bxe6+ Rxe6 22. Qd3 Bh6+ 23. Kb1 Rc6 24. Rhg1 b6 25. e3 dxe3 26. fxe3 Kb7 27. Rc1
Nxb2 28. Kxb2 Rxc1 29. Rxc1 Bg7+ 30. Kb1 Qe8 31. Qd5+ Kb8 32. e4 1-0

[Event "Euro Online U2300 Day 1"]
[Site "chess.com INT"]
[Date "2020.05.25"]
[Round "2"]
[White "Canal Oliveras, Joan"]
[Black "Lucchi, Lorenzo"]
[Result "0-1"]
[WhiteElo "2205"]
[BlackElo "2111"]
[WhiteFideId "2211394"]
[BlackFideId "821160"]
[EventDate "2020.05.25"]

1. e4 c5 2. d4 cxd4 3. c3 Nf6 4. e5 Nd5 5. Qxd4 e6 6. Nf3 Nc6 7. Qe4 Be7 8. c4
f5 9. Qe2 Bb4+ 10. Bd2 Nf4 11. Qe3 Ng6 12. Bxb4 Nxb4 13. Na3 Qa5 14. Qc3 b6 15.
Rc1 Bb7 16. Nb5 O-O 17. a3 Nc6 18. b4 Qa4 19. Be2 a5 20. Nd6 axb4 21. axb4 Nxb4
22. Nxb7 Na2 23. Qd2 Nxc1 24. Qxc1 Qb4+ 25. Qd2 Ra1+ 26. Bd1 Qxc4 27. Nd6 Qa6
28. h4 Ne7 29. h5 Nd5 30. Rh4 Rb1 31. h6 g6 32. Rd4 Qa5 33. Qxa5 bxa5 34. Kd2
Rb4 35. Rxb4 Nxb4 36. Ba4 Nc6 37. Bxc6 dxc6 38. Nd4 a4 39. Nxe6 a3 40. Nxf8 a2
41. e6 Kxf8 42. e7+ 0-1

[Event "Euro Online U2300 Day 1"]
[Site "chess.com INT"]
[Date "2020.05.25"]
[Round "2"]
[White "Moran, Stephen"]
[Black "Andolfatto, Maria"]
[Result "0-1"]
[WhiteElo "2195"]
[BlackElo "2002"]
[WhiteFideId "2501872"]
[BlackFideId "2800476"]
[EventDate "2020.05.25"]

1. d4 d5 2. c4 e6 3. Nc3 Nf6 4. cxd5 exd5 5. Bg5 Be7 6. e3 c6 7. Bd3 Nbd7 8.
Nge2 h6 9. Bh4 Nh5 10. Bxe7 Qxe7 11. Qd2 Nb6 12. O-O O-O 13. f3 f5 14. Rae1 Re8
15. Ng3 Nxg3 16. hxg3 Qg5 17. Kf2 Be6 18. a4 Nc8 19. Ne2 Nd6 20. b3 h5 21. Rh1
Bf7 22. Nf4 g6 23. Bb1 Kg7 24. e4 Kg8 25. e5 Nc8 26. Qb4 Be6 27. Qxb7 Nb6 28.
Qxc6 Rac8 29. Qb5 Re7 30. Rc1 Rxc1 31. Rxc1 h4 32. Ne2 hxg3+ 33. Kf1 Qe3 34. Ke1
Rh7 35. Qe8+ Kg7 36. Qxe6 Rh1# 0-1

[Event "Euro Online U2300 Day 1"]
[Site "chess.com INT"]
[Date "2020.05.25"]
[Round "2"]
[White "Jusic, Zdenko"]
[Black "Han, Yichen"]
[Result "0-1"]
[WhiteTitle "IM"]
[BlackTitle "FM"]
[WhiteElo "2254"]
[BlackElo "2307"]
[WhiteFideId "14501902"]
[BlackFideId "1054430"]
[EventDate "2020.05.25"]

1. e4 c5 2. Nf3 d6 3. c3 Nf6 4. Bd3 Nc6 5. Qe2 g6 6. Bc2 Bg7 7. h3 O-O 8. O-O b6
9. a3 Bb7 10. d4 cxd4 11. cxd4 e5 12. d5 Nd4 13. Nxd4 exd4 14. Rd1 Re8 15. Qf3
Rc8 16. Bd3 Nd7 17. Bf4 Qe7 18. Nd2 Nc5 19. Bb5 Red8 20. b4 Nd7 21. Qg3 Ne5 22.
Bxe5 dxe5 23. Rac1 Bh6 24. Rxc8 Rxc8 25. Nf3 f6 26. Qg4 Rc2 27. h4 Bc8 28. Qg3
Bf4 29. Nxd4 Bxg3 30. Nxc2 Bxh4 31. d6 Qd8 32. d7 Bb7 33. Rd6 f5 34. Re6 Be7 35.
exf5 gxf5 36. Ne3 Kf7 37. Bc4 b5 38. Bb3 Kf8 39. Nxf5 Qxd7 40. Nxe7 Qd2 41. Rf6+
Kxe7 42. Rf7+ Kd6 43. Rxb7 Qc3 44. Bf7 Qxa3 45. g3 Qxb4 46. Rxa7 Qd4 47. Rb7 b4
48. Bg8 Qc3 49. Bf7 Qc1+ 50. Kh2 Qe1 51. f3 Qf2+ 52. Kh3 Qxf3 53. Ra7 Qf1+ 54.
Kg4 Qe2+ 0-1

[Event "Euro Online U2300 Day 1"]
[Site "chess.com INT"]
[Date "2020.05.25"]
[Round "2"]
[White "Morozov, Ivan"]
[Black "Sargsyan, Tigran R."]
[Result "0-1"]
[WhiteElo "2069"]
[BlackElo "2274"]
[WhiteFideId "54158931"]
[BlackFideId "13311328"]
[EventDate "2020.05.25"]

1. d4 d5 2. Nf3 b5 3. Bf4 e6 4. e3 a6 5. Bd3 c5 6. c3 Nf6 7. O-O Bb7 8. Nbd2 Nc6
9. a4 c4 10. Bc2 b4 11. e4 Be7 12. e5 Nd7 13. h3 Qa5 14. Ng5 bxc3 15. bxc3 Qxc3
16. Ndf3 Qa5 17. Nxh7 Nb4 18. Bd2 Qc7 19. Bxb4 Bxb4 20. Nfg5 Nf8 21. Qh5 Nxh7
22. Nxf7 Nf6 23. Nd6+ Kd7 24. Qf7+ Kc6 25. exf6 Bxd6 26. Qxe6 Rae8 27. Qf5 Bc8
28. Qf3 Ref8 29. a5 Qf7 30. Ba4+ Kc7 31. fxg7 Qxg7 32. Qxd5 Bb7 33. Qxc4+ Kb8
34. f3 Rxh3 35. Rfb1 Bh2+ 36. Kf1 Rhxf3+ 37. gxf3 Rxf3+ 38. Ke1 Qg1+ 39. Kd2
Bf4+ 40. Kc2 Qg2+ 41. Kd1 Qd2# 0-1

[Event "Euro Online U2300 Day 1"]
[Site "chess.com INT"]
[Date "2020.05.25"]
[Round "2"]
[White "Romashov, Anton"]
[Black "Stan, Andrei-Mihaita"]
[Result "1-0"]
[WhiteElo "2070"]
[BlackElo "2044"]
[WhiteFideId "14116758"]
[BlackFideId "1232118"]
[EventDate "2020.05.25"]

1. d4 e6 2. Nf3 f5 3. Bf4 Nf6 4. e3 Be7 5. h3 b6 6. Be2 Bb7 7. Nbd2 O-O 8. O-O
d5 9. Ne5 Nbd7 10. Ndf3 Nxe5 11. Nxe5 Nd7 12. c4 Nxe5 13. Bxe5 Bd6 14. f4 Bxe5
15. dxe5 Qe7 16. Rc1 c5 17. Bf3 dxc4 18. Rxc4 Rfd8 19. Qe2 Bxf3 20. Qxf3 Rd5 21.
e4 fxe4 22. Qxe4 g6 23. Rfc1 a5 24. a3 Rad8 25. b4 axb4 26. axb4 Rd4 27. Qc6
Rxc4 28. Rxc4 cxb4 29. Qxb6 g5 30. fxg5 Kh8 31. Rxb4 Qxg5 32. Qxe6 Rf8 33. Rg4
Qc1+ 34. Kh2 Qc7 35. Qd6 Qc8 36. Qe7 1-0